| 000 | 00816 a2200229 4500 | ||
|---|---|---|---|
| 003 | CBULib | ||
| 005 | 20240903122413.0 | ||
| 008 | 240903b |||||||| |||| 00| 0 eng d | ||
| 040 |
_aCBULib _bEnglish _cCBULib _dCBU-Lib _erda |
||
| 050 |
_aGOV.ZAM(058)SNSDS/2023 _b1 |
||
| 100 | _aZambia Statistics Agency | ||
| 245 |
_aSecond national strategy for the development of statistics : (2023-2027) _c/by Zambia Statistics Agency |
||
| 260 |
_bZambia Statistics Agency _c2023 _aLusaka |
||
| 300 | _axxiii ,104 Pages ; illustrations | ||
| 336 |
_2rdacontent _aText | _btxt |
||
| 337 |
_2rdamedia _aUnmediated | _bn |
||
| 338 |
_2rdacarrier _aVolume _bnc |
||
| 650 | 0 |
_93543 _aNATIONAL DEVELOPMENT STRATEGY |
|
| 650 | 0 |
_93545 _aZAMBIA- ECONOMIC POLICY |
|
| 650 | 0 |
_93255 _aECONOMIC CONDITIONS-21ST CENTURY |
|
| 942 |
_2mc _c029 |
||
| 999 |
_c85301 _d85301 |
||